Guia de tràmits per a la creació d'empreses / [Diputació de Barcelona]
Descripción Física:
[151] p. en una carpeta ; 30 cm + 5 disquets
MARC
| LEADER | 00000nam a2200000Ia 4500 | ||
|---|---|---|---|
| 001 | 18467 | ||
| 008 | 160829s2000 xx 000 0 cat d | ||
| 080 | |a M-5-335 | ||
| 245 | |a Guia de tràmits per a la creació d'empreses / [Diputació de Barcelona] | ||
| 250 | |a 7a act. | ||
| 260 | |a Barcelona : |b Diputació de Barcleona, |c 2000 | ||
| 300 | |a [151] p. en una carpeta ; |c 30 cm + 5 disquets | ||
| 590 | |a Actualitzada fins el 30 de juny de 2000 | ||
| 650 | |a Empreses |x Creació |x Manuals, guies, etc. |9 40735 | ||
| 710 | 1 | |a Barcelona (Catalunya : Província). |b Diputació |9 52408 | |
| 901 | |a Arxiu | ||
| 942 | |n 1 | ||
| 952 | |0 0 |1 0 |4 0 |6 M5335 |7 1 |9 49880 |a Arxiu |b Arxiu |d 2016-12-01 |l 0 |o M-5-335 |p 18467 |r 2016-12-01 00:00:00 |w 2016-12-01 |y ARXIU | ||
| 999 | |c 53722 |d 53722 | ||